000 00582nam a22002057a 4500
005 20210906143926.0
008 210906b xxu||||| |||| 00| 0 eng d
020 _a9788193684702
_cRs 200
040 _beng
041 _aBengali
082 _a891.448
_bSIV
100 _aSivakumar, R.
245 _aSantiniketane silpacharcha
_bPrasangik adhunikatar rachana
_cby R. Sivakumar. Translation : Shivaditya Sen
260 _aKolkata
_bKarigar
_c2018
300 _a80p
_b18 cm; ill
650 _aArt
_zSantiniketan
700 _4tr.
_aSen, Shivaditya
850 _aLCLIB
942 _cBK
999 _c42783
_d93262